| 000 | 01862nam0a2200349 4500 | ||
|---|---|---|---|
| 001 | RU\NLR\bibl\1399406 | ||
| 005 | 20260405190118.0 | ||
| 010 |
_a978-5-86185-402-3 _950 |
||
| 021 |
_aRU _b2009-44812 _92719 |
||
| 035 | _a(NLR Aleph) 001391418 | ||
| 090 |
_a1164618 _c1164618 |
||
| 100 | _a20090810d2008 |||y0rusy50 ca | ||
| 101 | 0 |
_arus _aeng |
|
| 102 | _aRU | ||
| 105 | _aa ||||||||| | ||
| 200 | 1 |
_aОсновы инженерной защиты окружающей среды _dFundamentals of environmental engineering _eучебное пособие по дисциплине "Деловой английский язык" для студентов старших курсов специальности 280202.65 "Инженерная защита окружающей среды" _fИ.В. Егорова _gФедер. агентство по рыболовству, Федер. гос. образоват. учреждение высш. проф. образования "Мурм. гос. техн. ун-т" _zeng |
|
| 210 |
_aМурманск _cИзд-во МГТУ _d2008 |
||
| 215 |
_a110 с. _d21 |
||
| 320 | _aБиблиогр.: с. 110 (5 назв.) | ||
| 510 | 0 |
_6z77790 _aFundamentals of environmental engineering _zeng |
|
| 606 | 1 |
_aАнглийский язык _xУчебные издания для экологов _92396261 _3RU\NLR\AUTH\661428683 |
|
| 686 | 1 | _aШ143.21-93рус328.5 | |
| 686 | 1 | _aШ143.21-93рус328.7 | |
| 700 | 1 |
_4070 _8rus _7ca _aЕгорова _bИ. В. _cлингвист _gИрина Викторовна _3RU\NLR\auth\7782328 _965256 |
|
| 790 | 1 |
_4070 _8rus _7ba _aEgorova _bI. V. _cлингвист _gIrina Viktorovna _3RU\NLR\auth\7782329 _965257 |
|
| 801 | 0 |
_aRU _bNLR _c20090810 _gRCR |
|
| 801 | 1 |
_aRU _bNLR _c20090810 |
|
| 830 | _aавт. по кн. | ||
| 942 | _cBOOK | ||
| 980 | _aNB | ||